|
|
|
|
| LEADER |
01703nam a2200517 a 4500 |
| 001 |
nkc20112189806 |
| 003 |
CZ PrNK |
| 005 |
20120402095526.0 |
| 007 |
ta |
| 008 |
110510s2011 xr a e 000 0 cze |
| 015 |
|
|
|a cnb002189806
|
| 020 |
|
|
|a 978-80-253-1253-7
|q (váz.)
|
| 035 |
|
|
|a (OCoLC)741403644
|
| 040 |
|
|
|a OLA001
|b cze
|d BOA001
|
| 043 |
|
|
|a e-xr---
|
| 072 |
|
7 |
|a 32
|x Politika
|2 Konspekt
|9 15
|
| 080 |
|
|
|a 32
|2 MRF
|
| 080 |
|
|
|a 321.01
|2 MRF
|
| 080 |
|
|
|a 172.1/.2
|2 MRF
|
| 080 |
|
|
|a 323
|2 MRF
|
| 080 |
|
|
|a 328/329
|2 MRF
|
| 080 |
|
|
|a (437.3)
|2 MRF
|
| 080 |
|
|
|a (0:82-4)
|2 MRF
|
| 100 |
1 |
|
|a Okamura, Tomio,
|d 1972-
|7 xx0092464
|4 aut
|
| 245 |
1 |
0 |
|a Umění vládnout /
|c Tomio Okamura
|
| 250 |
|
|
|a 1. vyd.
|
| 260 |
|
|
|a Praha :
|b Fragment,
|c 2011
|
| 300 |
|
|
|a 112 s. :
|b il. ;
|c 25 cm
|
| 650 |
0 |
7 |
|a politika
|7 ph115795
|2 czenas
|
| 650 |
0 |
7 |
|a politická moc
|7 ph115788
|2 czenas
|
| 650 |
0 |
7 |
|a politická etika
|7 ph124231
|2 czenas
|
| 650 |
0 |
9 |
|a politics
|2 eczenas
|
| 650 |
0 |
9 |
|a political power
|2 eczenas
|
| 650 |
0 |
9 |
|a political ethics
|2 eczenas
|
| 651 |
|
7 |
|a Česko
|7 ge128065
|x společnost a politika
|2 czenas
|
| 651 |
|
7 |
|a Česko
|7 ge128065
|x politika a vláda
|2 czenas
|
| 651 |
|
9 |
|a Czechia
|x society and politics
|2 eczenas
|
| 651 |
|
9 |
|a Czechia
|x politics and government
|2 eczenas
|
| 655 |
|
7 |
|a úvahy
|7 fd134000
|2 czenas
|
| 655 |
|
9 |
|a essays
|2 eczenas
|
| 856 |
4 |
1 |
|u http://www.digitalniknihovna.cz/mzk/uuid/uuid:536f5050-3c47-11ea-85b5-005056827e52
|y Digitalizovaný dokument
|x NDK
|
| 910 |
2 |
|
|a BOA001
|b 2-1266.667
|
| 990 |
|
|
|a BK
|
| 995 |
|
|
|a 01
|
| 991 |
|
|
|b 201106
|c NOV
|e n
|
| 996 |
6 |
|
|b 2610479239
|c 2-1266.667
|l MZK
|r Sklad / do 1 hodiny
|n 12
|p p.v.
|w 001182057
|u 000010
|a 1
|e BOA001
|j MZK50
|s P
|